[Event "Titled Tuesday intern op 01st Nov Early"]
[Site "Chess.com INT"]
[Date "2022.11.01"]
[Round "6"]
[White "Sipahioglu, Irmak"]
[Black "Osinovsky, Stepan"]
[Result "1-0"]
[WhiteElo "2041"]
[BlackElo "2241"]
[PlyCount "109"]
[EventDate "2022.11.01"]
[EventType "swiss (blitz)"]
[EventRounds "11"]
[EventCountry "USA"]
[SourceTitle "EXT 2024"]
[Source "ChessBase"]
[SourceDate "2023.10.10"]
[SourceVersion "1"]
[SourceVersionDate "2023.10.10"]
[SourceQuality "1"]

1. d4 Nf6 2. c4 g6 3. Nc3 Bg7 4. e4 0-0 5. Nf3 d6 6. Be2 Nbd7 7. 0-0 e5 8. Re1 Re8 9. Bf1 exd4 10. Nxd4 a5 11. f3 h5 12. Bg5 Ne5 13. Qd2 c6 14. Rad1 Qb6 15. Be3 Qc7 16. b3 Be6 17. h3 Rad8 18. Nde2 Bc8 19. f4 Ned7 20. Qxd6 Qxd6 21. Rxd6 Nxe4 22. Nxe4 Rxe4 23. Ng3 Re7 24. Bf2 Rde8 25. Rxe7 Rxe7 26. f5 Be5 27. Rd3 Nf6 28. fxg6 fxg6 29. Bc5 Rd7 30. Rf3 Kg7 31. Bd3 Bd4+ 32. Bxd4 Rxd4 33. Kf2 c5 34. Ke3 b6 35. Ne2 Rd8 36. Nf4 Bb7 37. Ne6+ Kh6 38. Nxd8 Bxf3 39. Kxf3 Nd7 40. Ne6 g5 41. Ke4 h4 42. Kf5 Kh5 43. Be2+ Kh6 44. Nxg5 Nf8 45. Ne6 Ng6 46. Nc7 Ne7+ 47. Ke6 Nc6 48. Nd5 Nd4+ 49. Ke5 Nxe2 50. Nxb6 Kg5 51. Nd7 Nf4 52. Nxc5 Nxg2 53. Ne6+ Kg6 54. c5 Kf7 55. Kd6 1-0

[Event "Titled Tuesday intern op 20th Sep Early"]
[Site "Chess.com INT"]
[Date "2022.09.20"]
[Round "4"]
[White "Roque Sola, Jose Luis"]
[Black "Sipahioglu, Irmak"]
[Result "0-1"]
[WhiteElo "2217"]
[BlackElo "2041"]
[PlyCount "106"]
[EventDate "2022.09.20"]
[EventType "swiss (blitz)"]
[EventRounds "11"]
[EventCountry "USA"]
[SourceTitle "EXT 2023"]
[Source "ChessBase"]
[SourceDate "2022.10.05"]
[SourceVersion "1"]
[SourceVersionDate "2022.10.05"]
[SourceQuality "1"]

1. c4 e6 2. Nf3 f5 3. g3 Nf6 4. Bg2 Be7 5. 0-0 0-0 6. Nc3 d6 7. Rb1 a5 8. a3 Qe8 9. d3 Nc6 10. b4 axb4 11. axb4 e5 12. Bg5 Be6 13. Bxf6 Bxf6 14. Nd2 Qf7 15. Nd5 Ra2 16. Nxf6+ Qxf6 17. b5 Na5 18. Ra1 Rxa1 19. Qxa1 b6 20. Qc3 e4 21. Qxf6 Rxf6 22. Ra1 exd3 23. exd3 g5 24. Re1 h6 25. Rxe6 Rxe6 26. Bd5 Kf7 27. Kf1 Kf6 28. Bxe6 Kxe6 29. Ke2 Nb7 30. Nb3 Ke5 31. Ke3 f4+ 32. gxf4+ gxf4+ 33. Kf3 Nd8 34. d4+ Kf5 35. c5 Ne6 36. cxb6 cxb6 37. d5 Ng5+ 38. Ke2 Ke4 39. h4 Nf3 40. h5 Ne5 41. Nd2+ Kxd5 42. Nf1 Kc4 43. Nh2 d5 44. f3 Kxb5 45. Ng4 Nf7 46. Nf6 Kc5 47. Nd7+ Kc6 48. Nb8+ Kd6 49. Kd3 Ne5+ 50. Ke2 d4 51. Na6 d3+ 52. Kf2 Kd5 53. Nb4+ Kc4 0-1

[Event "TUR-chT 2nd League"]
[Site "Konya"]
[Date "2022.08.25"]
[Round "5.2"]
[White "Rzayev, Bahruz Iqbal Oglu"]
[Black "Sipahioglu, Irmak"]
[Result "1-0"]
[WhiteElo "2333"]
[BlackElo "2038"]
[PlyCount "80"]
[EventDate "2022.08.22"]
[EventType "team-swiss"]
[EventRounds "9"]
[EventCountry "TUR"]
[SourceTitle "CBM 210 Extra"]
[Source "ChessBase"]
[SourceDate "2022.11.30"]
[SourceVersion "1"]
[SourceVersionDate "2022.11.30"]
[SourceQuality "1"]
[WhiteTeam "Pamukkale Yonetimi"]
[BlackTeam "Bursa Nida"]
[WhiteTeamCountry "TUR"]
[BlackTeamCountry "TUR"]

1. e4 e6 2. d4 d5 3. Nd2 h6 4. e5 c5 5. c3 Nc6 6. Ndf3 Qb6 7. Bd3 Bd7 8. Ne2 cxd4 9. cxd4 g5 10. h3 Nb4 11. Bb1 Bb5 12. Nc3 Ba6 13. a3 Nc6 14. b4 Rc8 15. Ne2 f5 16. exf6 Nxf6 17. 0-0 Bd6 18. Bd3 Bxd3 19. Qxd3 Qc7 20. Nc3 Qh7 21. Qe2 Ne4 22. Re1 Kd7 23. Nxe4 dxe4 24. Qxe4 Qxe4 25. Rxe4 Ne7 26. Bd2 Nd5 27. Rae1 Rhe8 28. h4 Nf6 29. R4e2 g4 30. Ne5+ Bxe5 31. Rxe5 h5 32. Bg5 Nd5 33. Bh6 Rc3 34. Rxh5 Rh8 35. Ree5 Rxa3 36. Bg7 Rxh5 37. Rxh5 g3 38. fxg3 Rxg3 39. Be5 Rg4 40. b5 a6 1-0